000 00604nam a22002537a 4500
003 UA-OsUOA
001 34271
007 ta
008 20050927b un ||||| |||| 00| 0 ukr d
100 _aРиплей А.
090 _a821.111
_bР53
942 _cBK
040 _aUA-OsUOA
_brus
_cUA-OsUOA
_dUA-OsUOA
245 _aСкарлет
300 _a400 с.
955 _a3
041 _arus
080 _a821.111
020 _a5-7707-2692-X
260 _aДніпропетровськ
_bПороги
_c1992
246 3 1 _aунесенные ветром
_n2
650 7 _2UDC
999 _c320711
_d320711